Meaning and existence in mathematics
Αποθηκεύτηκε σε:
| Κύριος συγγραφέας: | |
|---|---|
| Μορφή: | Βιβλίο |
| Γλώσσα: | English |
| Δημοσίευση: |
Wien :
Springer-Verlag,
1972
|
| Σειρά: | Library of exact philosophy ;
; 9 |
| Θέματα: | |
| Ετικέτες: |
Προσθήκη ετικέτας
Δεν υπάρχουν, Καταχωρήστε ετικέτα πρώτοι!
|
MARC
| LEADER | 00000nam a2200000 i 4500 | ||
|---|---|---|---|
| 001 | 1/57969 | ||
| 008 | 941103s1972 eng d | ||
| 020 | |a 3211811109 | ||
| 035 | |l 10045828 | ||
| 035 | |a 1987 | ||
| 040 | |a GR-MY-UA |b gre |e aacr | ||
| 041 | 0 | |a eng | |
| 082 | 0 | |a 510.1 | |
| 100 | 1 | |a Castonguay, Charles. | |
| 245 | 1 | 0 | |a Meaning and existence in mathematics / |c Charles Castonguay |
| 260 | |a Wien : |b Springer-Verlag, |c 1972 | ||
| 300 | |a 158 p.; |c 24 cm. | ||
| 490 | 1 | |a Library of exact philosophy |v ; 9 | |
| 500 | |a Includes bibliography and index | ||
| 650 | 0 | 0 | |a Mathematics |x Philosophy. |
| 830 | 0 | |a Library of exact philosophy ; |v ; 9 | |
| 852 | |a INST |b SAMOS |e 19941103 |h 510.1 CAS |p 005300001950 |q 005300001950 |t BK |y 0 | ||
| 909 | |a Σ |b 007339 | ||